| 000 | 00516nam a22001577a 4500 | ||
|---|---|---|---|
| 003 | OSt | ||
| 005 | 20151005152613.0 | ||
| 008 | 151005b xxu||||| |||| 00| 0 eng d | ||
| 040 | _cRUA | ||
| 082 | _aAVM KHE 2001 B072 Or.1 | ||
| 100 |
_92056 _aKHEM, CHEACHAKRYA. |
||
| 245 | _aDog rabies and prophylaxis in cambodia, ជំងឺឆ្កែឆ្កួត និងវិធាការពារនៅកម្ពុជា | ||
| 260 |
_aPhnom Penh _bRUA _c2001 |
||
| 300 |
_avii; 56p. _bill. _c29cm. |
||
| 942 |
_2ddc _cAVM |
||
| 999 |
_c1942 _d1942 |
||